00991nam a22002055i 4500001000700000003000900007005001700016008004100033040002000074100003200094245022800126260011900354300002600473596003800499650001900537700002200556852006600578999001900644952012200663161348ES-MaACL20230906212251.0041018q18901910it |||| | ger d aCAM bspa cCAM0 aPappafava, Vladimir.98888214aDie moderne pressgesetzgebung insbesondere der österreichische pressreformentwurfb: eine geschichtlich-rechtsvergleichende studie / cvon Vladimir Pappafava ; aus dem italienischen übersetzt und ergänzt von A. Simon. aZara : bverlag der Internationalem Buchhandlung H.v. Schönfeld ;aLeipzig (fK.F. Koehler, buchhandlungc[s.a.] aIV, 288 p. ; c22 cm. aProbablemente imp. ca. 1890-1910.04aPrensa.9163511 aSimon, A.9132754 aES-MaACLjG-2808 z-- Enc. hol., conservando la cub. original c161348d161348 00104070aATENEOMbATENEOMcDEPO2d2008-01-17eSSCl0oG-2808p1169002r2023-02-23 00:00:00w2023-02-23yMONOGRAFIA